Gouverner les villes du sud Défis pour la recherche et pour l'action

Programme de recherche urbaine pour le développement placé sous le haut patronage du ministre des Affaires étrangères (Paris, Unesco, 5-7 mai 2004).

Na minha lista:
Detalhes bibliográficos
Autor principal: Goldblum, Charles
Outros Autores: Osmont, Annik
Formato: Livro
Idioma:Undetermined
Publicado em: France Ministère des Affaires étrangères 2004
Assuntos:
Acesso em linha:http://lrc.tdmu.edu.vn/opac/search/detail.asp?aID=2&ID=15570
Tags: Adicionar Tag
Sem tags, seja o primeiro a adicionar uma tag!
Thư viện lưu trữ: Trung tâm Học liệu Trường Đại học Thủ Dầu Một
LEADER 00909nam a2200217Ia 4500
001 TDMU_15570
008 210410s9999 xx 000 0 und d
082 |a 307.1 
100 |a Goldblum, Charles 
245 0 |a Gouverner les villes du sud 
245 0 |b Défis pour la recherche et pour l'action 
245 0 |c Charles Goldblum, Annik Osmont, Isabel Diaz 
260 |a France 
260 |b Ministère des Affaires étrangères 
260 |c 2004 
300 |a 296 p 
520 |a Programme de recherche urbaine pour le développement placé sous le haut patronage du ministre des Affaires étrangères (Paris, Unesco, 5-7 mai 2004). 
650 |a Actes du colloque international du PRUD.; Urbaine  |z France; Đô thị  |z Pháp 
700 |a Osmont, Annik 
856 |u http://lrc.tdmu.edu.vn/opac/search/detail.asp?aID=2&ID=15570 
980 |a Trung tâm Học liệu Trường Đại học Thủ Dầu Một